Atrapados /

Cuando la cometa de un niño queda atorada en un árbol, la imaginación será el límite para intentar bajarla arrojándole toda clase de objetos. Al final, casi con una ciudad encima, el árbol culpable deja caer la pequeña cometa, que resbala suavemente hacia el niño. Ahora, el problema será bajar el mu...

Full description

Bibliographic Details
Main Author: Jeffers, Oliver
Format: Libro
Language:Spanish
Published: México Fondo de Cultura Económica 2012
Subjects:
Online Access:

MARC

LEADER 00000cam a2200000 a 4500
001 020646
003 UAHC_CL
005 20170803121911.0
008 140109s2012 mx 000 j spa
020 |a 9786071608062 
040 |a UAHC_CL  |c UAHC_CL  |d UAHC_CL 
082 0 4 |a 808.068  |b J45  |2 21 
100 1 |a Jeffers, Oliver 
245 1 0 |a Atrapados /  |c Oliver Jeffers. 
260 |b Fondo de Cultura Económica  |a México  |c 2012 
300 |a [32] p. 
520 |a Cuando la cometa de un niño queda atorada en un árbol, la imaginación será el límite para intentar bajarla arrojándole toda clase de objetos. Al final, casi con una ciudad encima, el árbol culpable deja caer la pequeña cometa, que resbala suavemente hacia el niño. Ahora, el problema será bajar el mundo que ha quedado atrapado entre las ramas del árbol. 
650 4 |a LIBROS ILUSTRADOS PARA NIÑOS 
650 4 |a LITERATURA INFANTIL 
653 |a PEDAGOGIA EN EDUCACION BASICA 
658 |a Ferrando, Miriam 
900 |a 808.068 JEFA 
942 |c BK 
952 |0 0  |1 0  |4 0  |6 808_068000000000000_JEFA  |7 0  |8 General  |9 41317  |a BC  |b BC  |c General  |d 2017-08-03  |l 24  |m 11  |o 808.068 JEFA  |p 1411572  |q 2026-04-06  |r 2026-03-24 21:23:20  |s 2026-03-24  |t 1  |w 2017-08-03  |y BK 
999 |c 20646  |d 20646